00689nam a2200205Ia 4500003000900000008004100009040001300050040001300063041000800076100002800084245011200112250001200224260001200236260000900248300001100257300001000268490003600278490000600314600016300320IT-RoPAU120407s9999 xx 000 0 und d aIT-RoPAU cIT-RoPAU aita aJohannes Schildelberger aRealtà storica e generi letterari dell’Antico Testamento. Edizione italiana a cura di felice Montagnini aBrescia aPaideia c1969 a216 p. c21 cm aBiblioteca di cultura religiosa v4 a"Scritti in parte pubblicati in Der Christliche Erzieher 1. - Bibbia, Vecchio Testamento I - Montagnini Felice 221 BNI 69-6683 "